000 00595nam a2200181Ia 4500
008 090123s9999 xx 000 0 und d
082 _b37727
_a891.463/परांजपे
100 _aपरांजपे राम
245 _aप्रॉडिगल डॉटर
250 _a1
260 _bसानिया पब्लिकेशन
_c2005
300 _a143
600 _aपरांजपे राम
630 _aप्रॉडिगल डॉटर
700 _aपरांजपे राम
730 _aप्रॉडिगल डॉटर
942 _cBOOK
999 _c75807
_d75807